00541nam a22002057a 450000500170000001000110001702000100002803500110003803700160004904000120006508200150007710000170009224500680010926000450017727000330022230000250025550000190028065000190029965000170031820170124110101.0 a317722 c10.00 a317722 bCen Lib/Ret aDPLbEN a958.8bSAR aSarkar, S.S. aAncient races Baluchistan, Punjab, and Sind / cby S.S. Sarkar aCalcuttabBookland Private Limitedc1964 a80/6, Grey Street bCalcutta axiv,105p. c20cm(Hb) aIncludes index aIndian History aAnthropology